Spolupráca slovenských stredných a vysokých škôl s partnermi v Nórsku, na Islande a v Lichtenštajnsku Fond NIL na podporu spolupráce v oblasti vzdelávania

Guardado en:
Detalles Bibliográficos
Otros Autores: Mózová, Katarína, Košťálová, Katarína
Formato: Libro
Lenguaje:eslovaco
inglés
Publicado: Bratislava SAIA 2010
Edición:1. vyd.
Materias:
Etiquetas: Agregar Etiqueta
Sin Etiquetas, Sea el primero en etiquetar este registro!

MARC

LEADER 00000nam a2200000 4500
001 0197817
005 20240104121552.9
020 |a 978-80-88928-99-7 
041 0 |a slo 
041 0 |a eng 
044 |a SK 
245 1 0 |a Spolupráca slovenských stredných a vysokých škôl s partnermi v Nórsku, na Islande a v Lichtenštajnsku  |b Fond NIL na podporu spolupráce v oblasti vzdelávania  |c zostavili: Katarína Mózová, Katarína Košťálová 
250 |a 1. vyd. 
264 1 |a Bratislava  |b SAIA  |c 2010 
300 |a 31, 31 s. 
610 2 0 |a vzdelávanie 
610 2 0 |a výmena skúseností 
610 2 0 |a Slovensko 
610 2 0 |a Nórsko 
610 2 0 |a Island 
610 2 0 |a Lichtenštajnsko 
610 2 0 |a školy stredné 
610 2 0 |a školy vysoké 
700 1 |a Mózová, Katarína 
700 1 |a Košťálová, Katarína